002530000a220007300045001000020000002450073000203000057000937730029001501 aLightner, Lydia10aLAM's grandchildren : A Costa Rican's pilgrimage takes him to Africa aVol. 75, Num. 1 (Enero-Junio, 1995), Páginas 18-190 tLatin America Evangelist